000
00410nam a2200133Ia 4500
008
100328s9999 xx 000 0 und d
082
_b
31554
100
_a
कुलकर्णी अनिल
245
_a
ऐलतीर पैलतीर
260
_b
विश्वमोहिनी
630
_a
ऐलतीर पैलतीर
730
_a
ऐलतीर पैलतीर
942
_c
BOOK
999
_c
522420
_d
522417